| 000 | 00719nam a22002177a 4500 | ||
|---|---|---|---|
| 999 |
_c4094 _d4094 |
||
| 003 | AR-CdUCM | ||
| 008 | 190307b ||||| |||| 00| 0 spa d | ||
| 040 |
_aMUNICIPALIDAD PROVINCIAL DEL CUSCO _cBIBLIOTECA MUNICIPAL DEL CUSCO |
||
| 082 |
_a868.3 / _bM81 |
||
| 100 |
_aMolina, Tirso de _910815 |
||
| 245 | _aDon Gil de las calzas verdes / | ||
| 260 |
_aSantiago de Chile : _bZig-Zag, _c1954. |
||
| 300 |
_a202 páginas ; _c17 cm. |
||
| 440 |
_aBiblioteca Zig-Zag _n88-89 _912982 |
||
| 500 | _aIncluye reseña bibliográfica de Tirso de Molina. | ||
| 650 |
_aTeatro Español _9648 |
||
| 650 |
_aEdad de Oro, 1500-1700. _93058 |
||
| 700 |
_aLoveluck M., Juan (prologo) _912983 |
||
| 942 |
_2ddc _cLIBROS |
||
| 945 | _araen | ||